| Поле | Название | Значение |
| |
Тип записи |
c |
| |
Библиографический уровень |
m |
| 001 |
Контрольный номер |
RU/УОНБ/EK_N/599049928 |
| 005 |
Дата корректировки |
20241129111104.4 |
| 013 |
Номер (ISMN) |
__ |
| a |
Номер (ISMN) |
979-0-3522-0414-0 |
| d |
Цена |
84 р. |
| 071 |
Издательские номер (звукозапись и ноты) |
21 |
| a |
Номер, присвоенный агентством |
2290 |
| 100 |
Данные общей обработки |
__ |
| a |
Данные общей обработки |
20181225d2014 u y0rusy0189 ca |
| 101 |
Язык документа |
0_ |
| a |
Язык текста |
rus |
| f |
Язык титульного листа |
rus |
| f |
Язык титульного листа |
eng |
| 102 |
Страна публикации |
__ |
| a |
Страна публикации |
RU |
| 125 |
Кодированные данные звукозаписи и нотных изданий |
__ |
| a |
Форма изложения нотного текста |
с| |
| 128 |
Кодированные данные (звукозаписи-физические характеристики) |
__ |
| a |
Кодированные данные: Музыкальная форма и тональность или лад |
ccn |
| c |
Инструменты или голоса, рекомендуемые для солистов (устаревшее) |
vu|| |
| 200 |
Заглавие и сведения об ответственности |
1_ |
| a |
Заглавие |
Вып. 3 |
| e |
Сведения, относящиеся к заглавию |
песни и романсы |
| 210 |
Выходные данные |
1_ |
| d |
Дата издания |
2014 |
| 215 |
Физическое описание |
__ |
| a |
Объем |
40 с. |
| 327 |
Примечание о содержании |
11 |
| a |
Примечание о содержании |
Содерж.: Обухов А. Калитка / сл. А. Обухова. Шишкин М. Живёт моя отрада : цыганская песня / сл. неизв. авт. Баснер В. Это было недавно, это было давно : из кф. "Друзья и годы" / сл. М. Матусовского. Мокроусов Б. Когда весна придёт, не знаю... : из кф. "Весна на Заречной улице" / сл. А. Фатьянова. Фрадкин М. Песня о любви : из кф. "Простая история" / сл. Н. Доризо. Молчанов К. Доброта / сл. Э. Асадова. Френкель Я. Вальс расставания : из кф. "Женщины" / сл. К. Ваншенкина. Пахмутова А. Старый клён : из кф. "Девчата" / сл. М. Матусовского. Петров А. А цыган идёт : из кф. "Жестокий романс" / сл. Р. Киплинга ; пер. Г. Кружкова. Паулс Р. Ещё не вечер / сл. И. Резника. Музыка неизвестного автора. Очи чёрные / сл. Е. Гребенки ; обраб. С. Гердаля. Очи чёрные : вариант мелодии и текста, исполн. Ф. Шаляпиным. |
| 461 |
Уровень набора |
_0 |
| 1 |
|
2001 |
| a |
|
Русский шлягер |
| d |
|
Russian Popular Songs |
| e |
|
для голоса и фп. (гитары) |
| z |
|
eng |
| v |
|
Вып. 3 |
| 1 |
|
2101 |
| a |
|
СПб. |
| c |
|
Композитор |
| d |
|
2014 |
| 1 |
|
001RU/УОНБ/EK_N/385992851 |
| 1 |
|
2251 |
| a |
|
Русский шлягер |
| d |
|
Russian Popular Songs |
| z |
|
eng |
| 464 |
Аналитический уровень |
_0 |
| 1 |
|
036 |
| t |
|
Лишь только вечер затемнится синий... |
| 1 |
|
700 1 |
| a |
|
Обухов |
| b |
|
А. |
| 1 |
|
702 1 |
| a |
|
Обухов |
| b |
|
А. |
| 4 |
|
520 |
| 1 |
|
2001 |
| a |
|
Калитка |
| 464 |
Аналитический уровень |
_0 |
| 1 |
|
700 1 |
| a |
|
Шишкин |
| b |
|
М. |
| 1 |
|
702 1 |
| a |
|
Слова неизвестного автора |
| 4 |
|
520 |
| 1 |
|
2001 |
| a |
|
Живёт моя отрада |
| e |
|
цыганская песня |
| 464 |
Аналитический уровень |
_0 |
| 1 |
|
036 |
| t |
|
На вечернем сеансе... |
| 1 |
|
700 1 |
| a |
|
Баснер |
| b |
|
В. |
| 1 |
|
702 1 |
| a |
|
Матусовский |
| b |
|
М. |
| 4 |
|
520 |
| 1 |
|
2001 |
| a |
|
Это было недавно, это было давно |
| e |
|
из кф. "Друзья и годы" |
| 1 |
|
50010 |
| a |
|
Друзья и годы |
| 464 |
Аналитический уровень |
_0 |
| 1 |
|
700 1 |
| a |
|
Мокроусов |
| b |
|
Б. |
| 1 |
|
702 1 |
| a |
|
Фатьянов |
| b |
|
А. |
| 4 |
|
520 |
| 1 |
|
2001 |
| a |
|
Когда весна придёт, не знаю... |
| e |
|
из кф. "Весна на Заречной улице" |
| 1 |
|
50010 |
| a |
|
Весна на Заречной улице |
| 464 |
Аналитический уровень |
_0 |
| 1 |
|
036 |
| t |
|
На тот большак, на перекрёсток... |
| 1 |
|
700 1 |
| a |
|
Фрадкин |
| b |
|
М. |
| 1 |
|
702 1 |
| a |
|
Доризо |
| b |
|
Н. |
| 4 |
|
520 |
| 1 |
|
2001 |
| a |
|
Песня о любви |
| e |
|
из кф. "Простая история" |
| 1 |
|
50010 |
| a |
|
Весна на Заречной улице |
| 464 |
Аналитический уровень |
_0 |
| 1 |
|
036 |
| t |
|
Если друг твой в словесном споре... |
| 1 |
|
700 1 |
| a |
|
Молчанов |
| b |
|
К. |
| 1 |
|
702 1 |
| a |
|
Асадов |
| b |
|
Э. |
| 4 |
|
520 |
| 1 |
|
2001 |
| a |
|
Доброта |
| 464 |
Аналитический уровень |
_0 |
| 1 |
|
036 |
| t |
|
Слышишь, тревожные дуют ветра... |
| 1 |
|
700 1 |
| a |
|
Френкель |
| b |
|
Я. |
| 1 |
|
702 1 |
| a |
|
Ваншенкин |
| b |
|
К. |
| 4 |
|
520 |
| 1 |
|
2001 |
| a |
|
Вальс расставания |
| e |
|
из кф. "Женщины" |
| 1 |
|
50010 |
| a |
|
Весна на Заречной улице |
| 464 |
Аналитический уровень |
_0 |
| 1 |
|
036 |
| t |
|
Старый клён, старый клён... |
| 1 |
|
700 1 |
| a |
|
Пахмутова |
| b |
|
А. |
| 1 |
|
702 1 |
| a |
|
Матусовский |
| b |
|
М. |
| 4 |
|
520 |
| 1 |
|
2001 |
| a |
|
Старый клён |
| e |
|
из кф. "Девчата" |
| 1 |
|
50010 |
| a |
|
Девчата |
| 464 |
Аналитический уровень |
_0 |
| 1 |
|
036 |
| t |
|
Мохнатый шмель - на душистый хмель... |
| 1 |
|
700 1 |
| a |
|
Петров |
| b |
|
А. |
| 1 |
|
702 1 |
| a |
|
Киплинг |
| b |
|
Р. |
| 4 |
|
520 |
| 1 |
|
702 1 |
| a |
|
Кружков |
| b |
|
Г. |
| 4 |
|
730 |
| 1 |
|
2001 |
| a |
|
А цыган идёт |
| e |
|
из кф. "Жестокий романс" |
| 1 |
|
50010 |
| a |
|
Жестокий романс |
| 464 |
Аналитический уровень |
_0 |
| 1 |
|
700 1 |
| a |
|
Паулс |
| b |
|
Р. |
| 1 |
|
702 1 |
| a |
|
Резник |
| b |
|
И. |
| 4 |
|
520 |
| 1 |
|
2001 |
| a |
|
Ещё не вечер |
| 464 |
Аналитический уровень |
_0 |
| 1 |
|
036 |
| t |
|
Очи черные, очи страстные... |
| 1 |
|
700 1 |
| a |
|
Музыка неизвестного автора |
| 1 |
|
702 1 |
| a |
|
Гребенка |
| b |
|
Е. |
| 4 |
|
520 |
| 1 |
|
702 1 |
| a |
|
Гердаль |
| b |
|
С. |
| 4 |
|
030 |
| 1 |
|
2001 |
| a |
|
Очи чёрные |
| 464 |
Аналитический уровень |
_0 |
| 1 |
|
036 |
| t |
|
Очи чёрные, очи жгучие... |
| 1 |
|
2001 |
| a |
|
Очи черные |
| e |
|
вариант мелодии и текста, исполн. Ф. Шаляпиным |
| 512 |
Заглавие обложки |
1_ |
| a |
Заглавие обложки |
Русский шлягер |
| 606 |
Тематические рубрики |
0_ |
| a |
Основная рубрика |
Сольное пение |
| x |
Основная подрубрика |
Песни эстрадные |
| 610 |
Ключевые слова |
0_ |
| a |
Ключевые слова |
песни эстрадные; сольное пение |
| 686 |
Индексы других классификаций |
__ |
| a |
Классификационный индекс |
85.943.4-041.5я43 |
| 2 |
Код системы |
rubbk |
| 801 |
Источник записи |
_0 |
| a |
Страна |
RU |
| b |
Организация |
Ульяновская ОНБ |
| c |
Дата составления |
20181225 |
| g |
Правила каталогизации |
RCR |
| 801 |
Источник записи |
_1 |
| a |
Страна |
RU |
| b |
Организация |
Ульяновская ОНБ |
| c |
Дата составления |
20181225 |
| g |
Правила каталогизации |
RCR |
| 901 |
Тип документа |
__ |
| t |
Тип документа |
n |
| w |
Контрольный № источника |
RU/УОНБ/EK_N/385992851 |
| 909 |
Создатель записи |
__ |
| a |
Создатель записи |
Лобина Л. И. |
| 910 |
Корректоры записи |
__ |
| a |
Корректор записи |
Никитина Т. А. |
| b |
Дата внесения изменения в запись |
20241129 |